Великие женщины Древней Руси

Bibliografiske detaljer
Hovedforfatter: Кайдаш-Лакшина С. Н. Светлана Николаевна
Summary:В этой книге вы прочитаете о великих женщинах Древней Руси, оставивших яркий след в истории страны. Именно женщины в самые тяжелые времена становились подлинными защитниками нравственных и культурных ценностей народа. Велика была их роль и в государственной жизни.
Sprog:russisk
Udgivet: Москва, Просвещение, 2009
Serier:Твой кругозор
Fag:
Format: Bog
KOHA link:https://koha.lib.tpu.ru/cgi-bin/koha/opac-detail.pl?biblionumber=161458

MARC

LEADER 00000nam0a2200000 4500
001 161458
005 20231101222245.0
010 |a 9785090193443 
035 |a (RuTPU)RU\TPU\book\175077 
090 |a 161458 
100 |a 20090609d2009 e y0rusy50 ca 
101 0 |a rus 
102 |a RU 
105 |a a z 001zd 
200 1 |a Великие женщины Древней Руси  |f С. Н. Кайдаш-Лакшина 
210 |a Москва  |c Просвещение  |d 2009 
215 |a 142 с.  |c ил. 
225 1 |a Твой кругозор 
320 |a Библиография в примечаниях. 
330 |a В этой книге вы прочитаете о великих женщинах Древней Руси, оставивших яркий след в истории страны. Именно женщины в самые тяжелые времена становились подлинными защитниками нравственных и культурных ценностей народа. Велика была их роль и в государственной жизни. 
600 0 |a Ольга  |c киевская княгиня  |f ?-969  |c жена князя Игоря  |2 stltpush  |3 (RuTPU)RU\TPU\pers\9912 
600 0 |a Марфа-Посадница  |c русская боярыня  |c глава партии новгородских бояр  |c полное имя Борецкая Марфа Семеновна  |c вдова новгородского посадника И. А. Борецкого  |f 15 в.  |2 stltpush  |3 (RuTPU)RU\TPU\pers\12708  |9 3612 
610 1 |a история 
610 1 |a Древняя Русь 
610 1 |a Россия 
610 1 |a женщины 
610 1 |a 10 век 
610 1 |a 11 век 
610 1 |a 12 век 
610 1 |a 13 век 
610 1 |a 14 век 
610 1 |a 15 век 
610 1 |a этнография 
610 1 |a быт 
610 1 |a одежда 
610 1 |a нравы 
686 |a Т3(2)4  |v LBC/SL-A  |2 rubbk 
700 1 |a Кайдаш-Лакшина  |b С. Н.  |g Светлана Николаевна 
801 1 |a RU  |b 63413507  |c 20090609  |g PSBO 
801 2 |a RU  |b 63413507  |c 20100706  |g RCR 
942 |c BK 
959 |a 66/20090608  |d 1  |e 153,01  |f ЧЗГЛ:1